| 000 | 00795cam a22002774a 4500 | ||
|---|---|---|---|
| 005 | 20260322212036.0 | ||
| 008 | data | ||
| 010 | _a 00027448 | ||
| 020 | _a0130185655 | ||
| 020 | _a9780130185655 | ||
| 040 |
_aDLC _cDLC _dDLC |
||
| 042 | _apcc | ||
| 050 | 0 | 0 |
_aBF713 _b.R52 2001 |
| 082 | 0 | 0 |
_a305.2 _221 |
| 096 | _aWM 100 R52 2001 | ||
| 100 | 1 | _aRice, F. Philip. | |
| 245 | 1 | 0 |
_aHuman development : _ba life-span approach / _cF. Philip Rice. |
| 250 | _a4th ed. | ||
| 260 |
_aUpper Saddle River, N.J. : _bPrentice Hall, _cc2001. |
||
| 300 |
_axxiii, 677 p. : _bcol. ill. ; _c29 cm. |
||
| 504 | _aIncludes bibliographical references (p. 591-642) and indexes. | ||
| 650 | 0 | _aDevelopmental psychology. | |
| 650 | 0 | _aLife cycle, Human. | |
| 650 | 0 | _aDevelopmental psychobiology. | |
| 001 | data | ||
| 999 |
_c842 _d842 |
||